| 000 | 00679nam a2200217 a 4500 | ||
|---|---|---|---|
| 005 | 20241022063654.0 | ||
| 008 | 011031s1993 mx r 000 0 spa d | ||
| 020 | _a8427710313 | ||
| 035 | _aUPN01000113681 | ||
| 049 | _aCG | ||
| 050 | 4 |
_aHV31 _bG3.7 |
|
| 100 | 1 | _aGarcía Alba, Jesús | |
| 245 | 1 | 0 |
_aHacia un nuevo enfoque del trabajo social / _cJesús García Alba, Jesús R. Melián Melián; Pref. José Antonio Ríos González. |
| 260 |
_aMadrid : _bNarcea, _c1993. |
||
| 300 | _a198 p. | ||
| 440 | 0 | _aSociocultural | |
| 650 | 4 |
_aServicio social _96246 |
|
| 650 | 4 |
_aASISTENCIA SOCIAL DE GRUPO _95655 |
|
| 700 | 1 |
_aMelián Melián, Jesús R., _ecoaut. |
|
| 905 | _aLibro | ||
| 999 |
_c87589 _d87589 |
||